000
00270nam a22001217a 4500
082
_a
823
_b
JAI/F
100
_a
JAIN, KULDEEP
245
_a
THE FROG PRINCE
246
_a
THE FROG PRINCE
_b
THE FROG PRINCE
260
_a
NEW DELHI
_b
PEGASUS
_c
2025
300
_a
16
942
_c
BK
999
_c
9158
_d
9158